කුමාර රචනය : 10 -11 ශ්‍රේණි

[Kumara rachanaya]
Saved in:
Bibliographic Details
Main Author: දසනායක, ඒ. ඊ. ඇස්
Format: Book
Language:English
Published: කොළඹ : ඇම්. ඩී. ගුණසේන, 2024.
Subjects:
Tags: Add Tag
No Tags, Be the first to tag this record!

MARC

LEADER 00000nam a2200000 4500
005 20260106123034.0
008 150904b xxu||||| |||| 00| | eng d
020 |a 9552100062 
082 |a 491.48  |b දසනා 
100 |a දසනායක, ඒ. ඊ. ඇස්. 
245 |a කුමාර රචනය  |b  : 10 -11 ශ්‍රේණි  |c  / ඒ. ඊ. ඇස්. දසනායක. 
260 |a කොළඹ :  |b ඇම්. ඩී. ගුණසේන,  |c 2024. 
300 |a පි. 220 ;  |c සෙමී. 21.  |b : රු. 550.00 
650 0 |a සිංහල භාෂාව 
650 0 |a සිංහල ව්‍යාකරණ 
650 0 |a Sinhalese language 
650 0 |a Sinhalese language - Grammar 
880 |6 245-01  |a [Kumara rachanaya] 
942 |2 ddc  |c LBK 
999 |c 25269  |d 25269